| 000 | 00567nam a22001937a 4500 | ||
|---|---|---|---|
| 999 |
_c172400 _d172400 |
||
| 005 | 20200204154021.0 | ||
| 010 | _a220411 | ||
| 020 | _c3.00 | ||
| 035 | _a220411 | ||
| 037 | _bBPPD/Pub. | ||
| 082 | _a844 | ||
| 100 | _aسید ظھیر الدین مدنی | ||
| 245 |
_aاردو اینہ / _cسید ظھیر الدین مدنی |
||
| 246 |
_aUrdu Aaine (Urdu) / _bby Syed Zaheeruddin Madni |
||
| 260 |
_aDelhi _bMaktaba Jamia _c1963 ء |
||
| 270 |
_aUrdu Bazar _bDelhi _e110006 |
||
| 300 |
_a180p. _c18cm(Hb) |
||
| 942 |
_2ddc _cUR _h844 _mس ی د |
||